Robin Hood (Registo nº 3792)

Detalhes MARC
000 -Etiqueta do registo
Cabeçalho 00614nam0a2200217 4500
005 - Identificador da versão
Campo de controlo 20240813122044.0
100 ## - Dados gerais de processamento
Dados gerais de processamento 20170317d1985 c y0pory5003 ba
102 ## - Pais de publicação ou produção
País de publicação Portugal
101 1# - Língua de publicação
Língua do texto, banda sonora, etc. Português
Língua do documento no original Inglês
215 ## - Descrição física 
Indicação específica da natureza do documento e extensão da espécie 50, [2] p.
Outras indicações físicas il
200 1# - Titulo e menção de responsabilidade
Título próprio Robin Hood
Primeira menção de responsabilidade por Jesus Blasco
225 1# - Colecção 
Título próprio da colecção Aventuras
Nome de uma parte ou secção Banda desenhada futura
210 ## - Publicação, Distribuição, etc. 
Lugar da edição, distribuição, etc. Lisboa
Nome do editor, distribuidor, etc. Editorial Futura
Data da publicação, distribuição, etc. cop. 1985
606 ## - Nome comum usado como assunto
Número de registo de entrada de autoridade 0001801
Palavra de ordem Literatura inglesa
Subdivisão de assunto Banda desenhada
Código do sistema CA
675 ## - Classificação Decimal Universal (CDU)
Notação 821.111(084.11)
Edição 3ª ed.
Língua da edição por
702 #1 - Nome de autor-pessoa física (responsabilidade secundária)
Número de registo de entrada de autoridade 0000217
Palavra de ordem Blasco
Outra parte do nome não tomada para palavra de ordem Jesus
Código de função Adaptador
966 ## - Identificação da Biblioteca
Sigla EBVEN
942 ## - Elementos de entrada adicionados (Koha)
Tipo de item no Koha Livro
Exemplares
Situação do levantamento Origin of item (home branch) (coded) Biblioteca de empréstimo Código de barras Cota Circulation type (not for loan) Tipo de documento Nota do exemplar Damaged status
  Biblioteca Escolar das Vendas Biblioteca Escolar das Vendas BEV575 8BD ROB   Livro Sem mensagem